000 00837nam a2200265 c 4500
999 _c447371
_d447371
003 BLK
005 20230628141132.0
008 180410b bul|||||r ||||||| ||bul||
040 _aBLK
041 _aBUL
_cBUL
080 _aСамостоятелни заведения. Колежи
_b378.094
_x(062)
_z378.094(062)
139 _bУ 94
245 1 0 _aУчителски институт "Вела Благоева" - Русе
_b1960 - 1985
_h[Малотир. изд.]
257 _aBGR
260 _aРусе
_bб. и.
_c1985
300 _a1 л.
_c41х29 сгънат до 21х10 см
380 _a3
651 7 _aРусе
_9179462
653 7 _aпедагогически училища
_9193485
852 _bК
_cК 378/У 94
856 4 _qpdf
856 4 _qpdf
942 _cKNG
_n0
_s1
_01
944 _aCR
_c2022-03-07
_kнр